MARC

LEADER 00000nam0a2200000 4500
001 40197
005 20231031012403.0
035 |a (RuTPU)RU\TPU\book\41220 
090 |a 40197 
100 |a 20020429d1971 k y0rusy50 ca 
101 0 |a rus 
102 |a RU 
105 |a y z 001zy 
200 1 |a Теория оптимального эксперимента  |a Планирование регрессионных экспериментов  |f В. В. Федоров 
210 |a Москва  |c Наука  |d 1971 
215 |a 312 с. 
225 1 |a Физико-математическая библиотека инженера 
320 |a Библиогр.: с. 309-312. 
610 1 |a математика 
610 1 |a оптимальность 
610 1 |a планирование 
610 1 |a эксперименты 
610 1 |a непрерывные оптимальные планы 
610 1 |a регрессионный анализ 
675 |a 519.2  |v 3 
675 |a 001.89  |v 3 
700 1 |a Федоров  |b В. В.  |g Валерий Вадимович 
801 1 |a RU  |b 63413507  |c 20020429  |g PSBO 
801 2 |a RU  |b 63413507  |c 20150227  |g PSBO 
900 |a Математические методы планирования и обработки результат 
942 |c BK